000 01709nam a22001577a 4500
999 _c514471
_d514471
008 201106b ||||| |||| 00| 0 eng d
100 _aTripathi, Ashutosh. and Behi, Tushar.
_920895
245 _aProtecting the health data of consumer: Need for an iron-clad law in India
260 _aInternational Journal on Consumer Law and practice
300 _a8, 2020: p.105-117
520 _aOne of the major concerns for all countries presently dealing with COVID-19 pandemic is to strike a balance between the privacy rights of the patients and public health surveillance, which is being done through various apps like Arogya Setu in India, which is needed in the larger interest of the society. Public health surveillance system although with good intention has to respect the privacy of the people-Supreme Court of India has recognized rights privacy as a part of right to life under the art 21 of the constituting of India in the puttaswamy judgment. In this essay, it is argued, that the present legal framework regarding the health protection data in India is not sufficient for protecting the sensitive data of the patients although certain steps have been taken but all are in the forms of the bill, namely, digital information security in healthcare and personal data protection of health data mainly that of USA and Australia. The essay explains why India will be well ahead in terms of health protection data if we implement all the laws, which are still at the draft stage. – Reproduced
650 _aConsumer protection, Data, constitution, Health, Privacy
_919167
773 _aInternational Journal on Consumer Law and practice
906 _aPRIVACY RIGHTS - INDIA
942 _cAR